00858nam a22002537a 4500003000900000005001700009007000300026008004100029040002500070041000800095082002100103100005500124245004600179250001200225260004700237300001900284590002700303650002000330650003200350910003700382942001400419952015400433999001700587DO-SdBNP20220412110156.0ta210531e2998 dr ||||gr|||| 00| 0 spa d aDO-SdBNPbspacBNPHU hspa 4222a263.92b19981 971234aPepén, Juan F.d1920- 2007q (Juan Felix)13aLa palabra en cuaresma /cJuan F. Pepén a2a. ed. aSanto Domingo:bEdiciones Peregrino,c1998 a206 p.;c19 cm aInventariado, 2022/MFF 4aCuaresma981290 4aSermones de cuaresma981378 aValidado. Control de calidad MFF 2ddccLBS1 00102ddc53708PDaBNPHUbBNPHUcHDd2018-02-19eDonado por Amigo del Hogarl0oBNPHU PD 263.92 P421L 1998p2021-1868r2021-05-31w2021-05-31yLBS1 c49860d49860